00734nam a2200169 a 4500003000200000005001700002008004100019050003000060100003500090245009600125260009100221300004000312504004100352650008800393650004100481650004200522020250424100221.0050808s19uu xx 00 eng d aPHS RA 1242.T6b.G89 2005 aGuzman, Angela Marie Nicole S. aAwareness of teenagers on the effects of secondhand smoke /cAngela Marie Nicole S. Guzman. aLas Piñas City, Philippines :bSouthville International School and Colleges, c2005. a24 pages :billustrations ;c28 cm. aIncludes bibliographical references. 2Library of Congress Subject HeadingsaPassive smokingxHealth aspectszPhilippines. aTobacco smokexPhysiological effect. aSmokingxHealth aspectszPhilippines.